|
|
|
|
| LEADER |
00000nam a22000007a 4500 |
| 005 |
20210503231516.0 |
| 007 |
cr|||| |||| |
| 008 |
210503s2018 co |||||s|||| 00||0 spa d |
| 020 |
|
|
|a 978-958-665-506-4
|
| 035 |
|
|
|a 33239
|
| 040 |
|
|
|a vLex
|
| 090 |
|
|
|c 11600
|d 11600
|
| 100 |
1 |
|
|a Ambos, Kai
|
| 245 |
1 |
0 |
|a Justicia transicional y Derecho Penal Internacional
|h Kai Ambos, Francisco Cortš Rodas, John Zuluaga
|c [Recurso electrn̤ico] /
|
| 256 |
|
|
|a Servicio en ln̕ea
|
| 260 |
|
|
|a Bogot:̀
|b Siglo del Hombre Editores,
|c 2018
|
| 300 |
|
|
|a 1 recurso electrn̤ico
|
| 500 |
|
|
|a Con este libro se pone a disposicin̤ del lector una obra de referencia acerca de la justicia transicional colombiana y un medio para enriquecer el debate y la formacin̤ polt̕ica con el fin de entender las recientes negociaciones de paz. Se busca mostrar que en el m̀bito de la justicia penal en sociedades en transicin̤ de la guerra a la paz, no es viable tratar la criminalidad masiva con una persecucin̤ penal estricta e individualizada. Coedicin̤ con el CEDPAL, el Instituto de Filosofa̕ de la Universidad de Antioquia, la Fundacin̤ Konrad Adenauer y la Alexander von Humboldt-Stiftung-Foundation.
|
| 506 |
1 |
|
|a Disponible solo en los productos indicados
|d vLex Global
|d vLex Global (Academic Edition, excluding Law Schools)
|d vLex Global (U.S. Academic Edition, Law Schools)
|d vLex Global (U.S. Academic Edition, excluding Law Schools)
|d vLex Global (Academic Edition, Law Schools)
|
| 650 |
0 |
|
|a Derecho Penal
|z Colombia
|
| 700 |
1 |
|
|a Cortš Rodas, Francisco
|
| 700 |
1 |
|
|a Zuluaga, John
|
| 740 |
0 |
|
|a vLex Libros (Servicio en ln̕ea)
|
| 856 |
4 |
0 |
|u https://vlex.com/source/justicia-transicional-y-derecho-penal-internacional-33239
|z Acceso restringido
|
| 942 |
|
|
|c BOOK
|
| 999 |
0 |
|
|a Criminal law
|